| Tag |
First Indicator |
Second Indicator |
Subfields |
| LEADER |
00000cam a22000008a 4500 |
| 001 |
in00000740913 |
| 005 |
20151016084906.0 |
| 008 |
861010s1987 enka b 00010 eng |
| 010 |
|
|
|a 86026890
|
| 020 |
|
|
|a 0859912434 :
|c $75.00
|
| 035 |
|
|
|a (OCoLC)14588587
|
| 035 |
|
|
|9 ADH0298AM
|
| 040 |
|
|
|a DLC
|c DLC
|d TXA
|d UtOrBLW
|
| 049 |
|
|
|a TXAM
|c [A11095926]
|
| 050 |
0 |
0 |
|a PR2442
|b .H6 1987
|
| 082 |
0 |
|
|a 822/.3
|2 19
|
| 100 |
1 |
|
|a Chapman, George,
|d 1559?-1634.
|
| 245 |
1 |
4 |
|a The plays of George Chapman :
|b the tragedies with Sir Gyles Goosecappe, a critical edition /
|c general editor, Allan Holaday, assisted by G. Blakemore Evans and Thomas L. Berger.
|
| 264 |
|
1 |
|a Woodbridge, Suffolk, England :
|b D.S. Brewer,
|c 1987.
|
| 300 |
|
|
|a 802 pages :
|b illustrations
|
| 336 |
|
|
|a text
|b txt
|2 rdacontent
|
| 337 |
|
|
|a unmediated
|b n
|2 rdamedia
|
| 338 |
|
|
|a volume
|b nc
|2 rdacarrier
|
| 504 |
|
|
|a Includes bibliographical references.
|
| 700 |
1 |
|
|a Holaday, Allan.
|
| 700 |
1 |
|
|a Evans, G. Blakemore
|q (Gwynne Blakemore),
|d 1912-2005.
|
| 700 |
1 |
|
|a Berger, Thomas L.
|
| 999 |
|
|
|a MARS
|
| 999 |
f |
f |
|s 47a41c6c-6ad4-3342-b0c8-d761531d928b
|i e66c0adb-0a63-39ee-91a0-b1ebf57fac3c
|t 0
|
| 952 |
f |
f |
|p normal
|a Texas A&M University
|b College Station
|c Sterling C. Evans Library
|d Evans: Library Stacks
|t 0
|e PR2442 .H6 1987
|h Library of Congress classification
|i unmediated -- volume
|m A14811095926
|
| 998 |
f |
f |
|a PR2442 .H6 1987
|t 0
|l Evans: Library Stacks
|